Zákazková výroba

Účtovné a daňové súvislosti zákazkovej výroby podniku, ktorý účtuje sústave podvojného účtovníctva pre podnikateľov. Príklady účtovných prípadov.

Na minha lista:
Detalhes bibliográficos
Autor principal: Pastierik, Vladimír
Formato: Capítulo de Livro
Idioma:eslovaco
Assuntos:
Tags: Adicionar Tag
Sem tags, seja o primeiro a adicionar uma tag!

MARC

LEADER 00000naa a2200000 4500
001 0279335
005 20211029133434.1
041 0 |a slo 
044 |a SK 
245 1 0 |a Zákazková výroba  |c Vladimír Pastierik 
520 |a Účtovné a daňové súvislosti zákazkovej výroby podniku, ktorý účtuje sústave podvojného účtovníctva pre podnikateľov. Príklady účtovných prípadov. 
610 2 0 |a výroba zákazková 
610 2 0 |a dane 
610 2 0 |a účtovníctvo podvojné 
610 2 0 |a podnik 
100 1 |a Pastierik, Vladimír